Zmluva medzi Slovenskou republikou a Španielskym kráľovstvom o sociálnom zabezpečení

Text Zmluvy medzi SR a Španielskom o sociálnom zabezpečení. Vykonávacia dohoda k zmluve. (Uverejnené v Z.z. SR v prílohe čiastky 130, formou Oznámenia Ministerstva zahraničných vecí SR č. 263/2003 Z.z.).

Gespeichert in:
Bibliographische Detailangaben
Format: Buchkapitel
Sprache:Slowakisch
Schlagworte:
Tags: Tag hinzufügen
Keine Tags, Fügen Sie das erste Tag hinzu!

MARC

LEADER 00000naa$a2200000$$$4500
001 0001592
005 20230925073235.0
041 0 |a slo 
044 |a SK 
245 1 0 |a Zmluva medzi Slovenskou republikou a Španielskym kráľovstvom o sociálnom zabezpečení 
520 |a Text Zmluvy medzi SR a Španielskom o sociálnom zabezpečení. Vykonávacia dohoda k zmluve. (Uverejnené v Z.z. SR v prílohe čiastky 130, formou Oznámenia Ministerstva zahraničných vecí SR č. 263/2003 Z.z.). 
610 2 0 |a zabezpečenie sociálne 
610 2 0 |a zmluvy medzinárodné 
610 2 0 |a Slovensko 
610 2 0 |a Španielsko 
610 2 0 |a dohody medzinárodné 
610 2 0 |a 2003